000 00567 a2200205 4500
005 20251226110650.0
008 251226b |||||||| |||| 00| 0 eng d
020 _a9789387964082
_cRs. 350.00
040 _aMAIN
082 _a612.3
_bV59F(2)
100 _aVerma, Pooja
245 _aFood and nutritional science: With objective questions and answers
250 _a2nd
260 _bCBS Publishers and Distributors
_aNew Delhi
_c2024
300 _a206
650 _aNutrition
650 _aNutritional Physiology
650 _aFood Technology
942 _cBK
999 _c393626
_d393626